[Event "GER-chT U16"]
[Site "Magdeburg"]
[Date "2019.12.29"]
[Round "6.2"]
[White "Biermann, Lenhard"]
[Black "Grabbel, Lennart Christian"]
[Result "1/2-1/2"]
[WhiteElo "2098"]
[BlackElo "1849"]
[PlyCount "80"]
[EventDate "2019.12.27"]
[EventType "team-swiss"]
[EventRounds "7"]
[EventCountry "GER"]
[SourceTitle "CBM 194 Extra"]
[Source "ChessBase"]
[SourceDate "2020.03.31"]
[SourceVersion "1"]
[SourceVersionDate "2020.03.31"]
[SourceQuality "1"]
[WhiteTeam "Bochum SG"]
[BlackTeam "Hamburger SK"]
[WhiteTeamCountry "GER"]
[BlackTeamCountry "GER"]

1. d4 d5 2. Bf4 Nf6 3. e3 c6 4. Bd3 e6 5. Nd2 Bd6 6. Bxd6 Qxd6 7. f4 b6 8. Qe2 c5 9. c3 Bb7 10. Ngf3 Ne4 11. 0-0 0-0 12. Ng5 f5 13. Ngf3 Nd7 14. Ne5 Ndf6 15. a4 Rfd8 16. Kh1 Bc6 17. Nxc6 Qxc6 18. Nf3 c4 19. Bc2 a6 20. Ne5 Qe8 21. g4 g6 22. g5 Nd7 23. Bxe4 fxe4 24. h4 Rdb8 25. h5 Rb7 26. Nxd7 Rxd7 27. hxg6 hxg6 28. Kg2 Rh7 29. Qg4 Qf7 30. Rh1 Qf5 31. Qg3 Raa7 32. Kf2 Rab7 33. Rab1 Rxh1 34. Rxh1 Rh7 35. Rxh7 Kxh7 36. Qh4+ Kg8 37. Kg3 Qf7 38. Qh6 Qf5 39. Qh4 Qf7 40. Qh6 Qe8 1/2-1/2

[Event "GER-chT U14"]
[Site "Verden an der Aller"]
[Date "2017.12.30"]
[Round "7.3"]
[White "Pysarenko, Kyrill"]
[Black "Grabbel, Lennart Christian"]
[Result "1/2-1/2"]
[WhiteElo "1662"]
[BlackElo "1720"]
[PlyCount "77"]
[EventDate "2017.12.26"]
[EventType "team-swiss"]
[EventRounds "7"]
[EventCountry "GER"]
[SourceTitle "CBM 182 Extra"]
[Source "ChessBase"]
[SourceDate "2018.02.23"]
[SourceVersion "1"]
[SourceVersionDate "2018.02.23"]
[SourceQuality "1"]
[WhiteTeam "Berlin Empor"]
[BlackTeam "Hamburger SK"]
[WhiteTeamCountry "GER"]
[BlackTeamCountry "GER"]

1. e4 c5 2. Nf3 e6 3. c4 Nc6 4. Nc3 e5 5. Be2 d6 6. d3 f5 7. 0-0 Nf6 8. a3 Be7 9. Rb1 a5 10. Ne1 f4 11. Bd2 0-0 12. Nb5 g5 13. h3 Kh8 14. Nf3 Rg8 15. Nh2 Nd4 16. Nxd4 cxd4 17. b4 axb4 18. Bxb4 Qe8 19. Ng4 Nxg4 20. Bxg4 Bxg4 21. Qxg4 h5 22. Qe6 Rg6 23. Qd5 g4 24. h4 g3 25. f3 Bf8 26. Rfc1 Qe7 27. Kf1 Qxh4 28. Ke2 Qh2 29. Rg1 Rg7 30. Bxd6 Bxd6 31. Qxd6 Re8 32. Kf1 h4 33. Rb6 h3 34. Qh6+ Rh7 35. Qf6+ Rg7 36. Qh6+ Rh7 37. Qf6+ Rg7 38. Qh6+ Rh7 39. Qf6+ 1/2-1/2

[Event "GER-chT U14"]
[Site "Verden an der Aller"]
[Date "2017.12.29"]
[Round "6.3"]
[White "Grabbel, Lennart Christian"]
[Black "Henning, Marvin"]
[Result "1/2-1/2"]
[WhiteElo "1720"]
[BlackElo "1967"]
[PlyCount "54"]
[EventDate "2017.12.26"]
[EventType "team-swiss"]
[EventRounds "7"]
[EventCountry "GER"]
[SourceTitle "CBM 182 Extra"]
[Source "ChessBase"]
[SourceDate "2018.02.23"]
[SourceVersion "1"]
[SourceVersionDate "2018.02.23"]
[SourceQuality "1"]
[WhiteTeam "Hamburger SK"]
[BlackTeam "Halle Reideburger"]
[WhiteTeamCountry "GER"]
[BlackTeamCountry "GER"]

1. Nf3 d5 2. d4 Nf6 3. c4 c6 4. cxd5 cxd5 5. Nc3 Nc6 6. Bf4 e6 7. e3 Bb4 8. Bd3 0-0 9. 0-0 h6 10. Qc2 Ne8 11. Ne5 Bd7 12. a3 Be7 13. Rfc1 Rc8 14. Qe2 f5 15. Nxc6 Bxc6 16. Bg3 Bd6 17. Bxd6 Nxd6 18. f4 a6 19. b4 b5 20. Nb1 Nc4 21. Nd2 Rf6 22. Nb3 Be8 23. Nc5 Ra8 24. Kf2 Rg6 25. Qf3 Qh4+ 26. Kg1 Qd8 27. Qf2 Ra7 1/2-1/2

[Event "Blankenese op 1st"]
[Site "Hamburg"]
[Date "2017.10.03"]
[Round "1.19"]
[White "Dumjahn, Carsten"]
[Black "Grabbel, Lennart Christian"]
[Result "1-0"]
[WhiteElo "2056"]
[BlackElo "1714"]
[PlyCount "81"]
[EventDate "2017.09.30"]
[EventType "swiss"]
[EventRounds "7"]
[EventCountry "GER"]
[SourceTitle "EXT 2020"]
[Source "ChessBase"]
[SourceDate "2019.10.17"]
[SourceVersion "1"]
[SourceVersionDate "2019.10.17"]
[SourceQuality "1"]

1. Nf3 Nf6 2. d4 d5 3. e3 Bf5 4. c4 c6 5. Nc3 e6 6. Bd3 Bxd3 7. Qxd3 Nbd7 8. 0-0 Bd6 9. e4 Nxe4 10. Nxe4 dxe4 11. Qxe4 Nf6 12. Qe2 0-0 13. Bg5 h6 14. Bh4 Be7 15. Rfd1 Qb6 16. Rd3 Rad8 17. Rad1 Rfe8 18. b3 Kf8 19. h3 c5 20. dxc5 Qxc5 21. Ne5 Kg8 22. Bxf6 Bxf6 23. Nd7 Qe7 24. Qf3 b6 25. Qb7 Ra8 26. Nxf6+ Qxf6 27. Rf3 Reb8 28. Qxa8 Rxa8 29. Rxf6 gxf6 30. Rd7 f5 31. Kf1 Kf8 32. Ke2 a5 33. Rb7 Ra6 34. a4 Kg7 35. f4 Kg6 36. Ke3 Kf6 37. Kd4 Kg6 38. Ke5 Kg7 39. Rb8 f6+ 40. Kxe6 b5+ 41. Kd5 1-0

[Event "GER-chT U12"]
[Site "Magdeburg"]
[Date "2015.12.27"]
[Round "2.1"]
[White "Grabbel, Lennart Christian"]
[Black "Jakob, Georg"]
[Result "1/2-1/2"]
[WhiteElo "1746"]
[BlackElo "1459"]
[PlyCount "72"]
[EventDate "2015.12.27"]
[EventType "team-swiss"]
[EventRounds "7"]
[EventCountry "GER"]
[SourceTitle "EXT 2017"]
[Source "ChessBase"]
[SourceDate "2016.10.25"]
[SourceVersion "1"]
[SourceVersionDate "2016.10.25"]
[SourceQuality "1"]
[WhiteTeam "Hamburger SK"]
[BlackTeam "Hohentuebingen"]
[WhiteTeamCountry "GER"]
[BlackTeamCountry "GER"]

1. Nf3 c5 2. c4 Nf6 3. Nc3 Nc6 4. g3 g6 5. Bg2 d5 6. cxd5 Nxd5 7. Qb3 Nb6 8. Ng5 e6 9. d3 Nd4 10. Qd1 Bg7 11. 0-0 0-0 12. Be3 Nd5 13. Nge4 b6 14. Bd2 Bb7 15. Nxd5 exd5 16. Nc3 Qd7 17. e3 Nf5 18. Qg4 d4 19. exd4 cxd4 20. Ne4 Qb5 21. a3 Qxd3 22. Bb4 Rfe8 23. Nf6+ Bxf6 24. Bxb7 Rad8 25. Rad1 Qe2 26. Qxe2 Rxe2 27. Rd2 Rxd2 28. Bxd2 Nd6 29. Bd5 Nf5 30. Bb3 Nd6 31. Rd1 Ne4 32. f3 Nc5 33. Bc4 Re8 34. b4 Ne6 35. Bc1 Rc8 36. Be2 Kg7 1/2-1/2

[Event "GER-ch U12"]
[Site "Willingen"]
[Date "2015.05.30"]
[Round "11"]
[White "Henning, Marvin"]
[Black "Grabbel, Lennart Christian"]
[Result "1-0"]
[WhiteElo "1699"]
[BlackElo "1584"]
[PlyCount "117"]
[EventDate "2015.05.24"]
[EventType "swiss"]
[EventRounds "11"]
[EventCountry "GER"]
[SourceTitle "CBM 166 Extra"]
[Source "ChessBase"]
[SourceDate "2015.06.18"]
[SourceVersion "1"]
[SourceVersionDate "2015.06.18"]
[SourceQuality "1"]

1. e4 c5 2. Nc3 a6 3. g3 b5 4. Bg2 Bb7 5. d3 e6 6. f4 d5 7. Bd2 b4 8. Na4 dxe4 9. dxe4 Qa5 10. b3 g6 11. Qe2 Nc6 12. Nf3 Bg7 13. e5 h5 14. Qc4 Bf8 15. 0-0 Nh6 16. Ng5 Nf5 17. Ne4 Rc8 18. Nf6+ Kd8 19. Rad1 Nfd4 20. c3 bxc3 21. Bxc3 Qb5 22. Bxd4 Qxc4 23. Bxc5+ Qd5 24. Bxd5 exd5 25. Rxd5+ Kc7 26. Rd7+ Kb8 27. Rxf7 Bxc5+ 28. Nxc5 Nd8 29. Rg7 Rh6 30. Rd1 Bc6 31. Nxa6+ Ka8 32. Nd5 Bxd5 33. Rxd5 Rh8 34. Nc7+ Kb7 35. Ne6+ Kc6 36. Rc5+ Kb6 37. Rxc8 Nxe6 38. Rxh8 Nxg7 39. Rg8 Nf5 40. Rxg6+ Kc7 41. Rg5 Nd4 42. Rxh5 Ne2+ 43. Kf2 Nc1 44. Rh6 Nxa2 45. Rd6 Nb4 46. h4 Nc6 47. Rxc6+ Kxc6 48. h5 Kb5 49. h6 Kb4 50. h7 Kxb3 51. h8Q Kc4 52. e6 Kd5 53. e7 Kc4 54. Qd8 Kc5 55. e8Q Kc4 56. Qed7 Kc5 57. Q8c8+ Kb6 58. Qdb7+ Ka5 59. Qca8# 1-0

[Event "GER-ch U12"]
[Site "Willingen"]
[Date "2015.05.25"]
[Round "4"]
[White "Grabbel, Lennart Christian"]
[Black "Brueckner, Alexander"]
[Result "0-1"]
[WhiteElo "1584"]
[BlackElo "1780"]
[PlyCount "52"]
[EventDate "2015.05.24"]
[EventType "swiss"]
[EventRounds "11"]
[EventCountry "GER"]
[SourceTitle "CBM 166 Extra"]
[Source "ChessBase"]
[SourceDate "2015.06.18"]
[SourceVersion "1"]
[SourceVersionDate "2015.06.18"]
[SourceQuality "1"]

1. d4 Nf6 2. c4 g6 3. Nc3 d5 4. cxd5 Nxd5 5. e4 Nb6 6. Be3 Bg7 7. Bd3 0-0 8. Nge2 Nc6 9. Bc2 e6 10. 0-0 Bd7 11. e5 Nb4 12. Bb3 Bc6 13. Qd2 Bd5 14. Nxd5 N4xd5 15. Bh6 Qe7 16. Rac1 Rac8 17. Bxg7 Kxg7 18. Qa5 a6 19. a3 Rfd8 20. Rc2 Qg5 21. Rfc1 Nf4 22. Nxf4 Qxf4 23. Rxc7 Qxc1+ 24. Rxc1 Rxc1+ 25. Bd1 Rxd1+ 26. Qe1 Rxe1# 0-1

[Event "GER-ch U10"]
[Site "Oberhof"]
[Date "2013.05.25"]
[Round "11"]
[White "Hommel, Niclas"]
[Black "Grabbel, Lennart Christian"]
[Result "1-0"]
[WhiteElo "1197"]
[BlackElo "893"]
[PlyCount "145"]
[EventDate "2013.05.19"]
[EventType "swiss"]
[EventRounds "11"]
[EventCountry "GER"]
[SourceTitle "CBM 154 Extra"]
[Source "ChessBase"]
[SourceDate "2013.06.25"]
[SourceVersion "2"]
[SourceVersionDate "2013.06.25"]
[SourceQuality "1"]

1. e4 e5 2. Nf3 Nc6 3. Bb5 a6 4. Ba4 Nf6 5. 0-0 b5 6. Bb3 Be7 7. Re1 0-0 8. c3 Na5 9. Nxe5 Nxb3 10. Qxb3 d6 11. Nf3 Bb7 12. d3 c5 13. Qc2 Re8 14. Nbd2 Qd7 15. Nf1 Bf8 16. Ng3 g6 17. Bf4 Bg7 18. Rad1 Re7 19. Re2 Rae8 20. Rde1 d5 21. e5 Ng4 22. d4 cxd4 23. cxd4 Rc8 24. Qd2 g5 25. Bxg5 Re6 26. Be3 Nxe3 27. Qxe3 a5 28. Qd3 Ba6 29. Qd1 b4 30. Rc2 Rec6 31. Rxc6 Rxc6 32. h3 Bh6 33. Qa4 Qc7 34. Nf5 Re6 35. Nxh6+ Rxh6 36. Qe8+ Kg7 37. Qa4 Kg8 38. Qd1 Bb5 39. Qd2 Rg6 40. Kh2 Kg7 41. Qe3 Qd7 42. Nd2 Ba4 43. b3 Bb5 44. g4 h6 45. Rg1 Qd8 46. Nf3 Kh7 47. Kg3 Bd7 48. Qf4 Qe7 49. Nh4 Rg5 50. Ng2 Bb5 51. Ne3 Qd8 52. Qxf7+ Rg7 53. Qxd5 Qxd5 54. Nxd5 Kh8 55. Nf6 Rc7 56. Kh4 Kg7 57. Ne4 Bd3 58. Nc5 Rc8 59. Nxd3 Rc2 60. Nc1 Rxf2 61. Rd1 Kf7 62. Kg3 Rc2 63. Kh4 Rh2 64. d5 Ke7 65. d6+ Kd7 66. e6+ Kd8 67. e7+ Kd7 68. Re1 Kxd6 69. e8Q Kd5 70. Rd1+ Kc5 71. Qc8+ Kb6 72. Rd6+ Kb5 73. Qc4# 1-0

[Event "GER-ch U10"]
[Site "Oberhof"]
[Date "2013.05.21"]
[Round "5"]
[White "Brunner, Sophia"]
[Black "Grabbel, Lennart Christian"]
[Result "0-1"]
[WhiteElo "1054"]
[BlackElo "893"]
[PlyCount "130"]
[EventDate "2013.05.19"]
[EventType "swiss"]
[EventRounds "11"]
[EventCountry "GER"]
[SourceTitle "CBM 154 Extra"]
[Source "ChessBase"]
[SourceDate "2013.06.25"]
[SourceVersion "2"]
[SourceVersionDate "2013.06.25"]
[SourceQuality "1"]

1. d4 d5 2. c4 c6 3. Nc3 Nf6 4. Bg5 e6 5. Nf3 Nbd7 6. e4 Bb4 7. e5 h6 8. Bxf6 gxf6 9. a3 Ba5 10. b4 Bc7 11. cxd5 cxd5 12. Bb5 a6 13. Bxd7+ Bxd7 14. Qe2 fxe5 15. dxe5 Qe7 16. b5 axb5 17. Nxb5 Ba5+ 18. Nd2 Bxd2+ 19. Kxd2 Qc5 20. Nd6+ Ke7 21. Qe3 Qxe3+ 22. Kxe3 Rab8 23. Rab1 Bc6 24. f4 f6 25. Nb5 fxe5 26. fxe5 Bxb5 27. Rxb5 Rhf8 28. a4 Rf5 29. Kd4 Rf4+ 30. Kd3 Rxa4 31. Rhb1 Ra7 32. g4 Kf7 33. Rb6 Ra3+ 34. Kd4 Ra4+ 35. Kc5 Rxg4 36. Rxb7+ Rxb7 37. Rxb7+ Kg6 38. Kd6 d4 39. Rb3 Kf5 40. Rf3+ Rf4 41. Rd3 Ke4 42. Rd1 d3 43. Re1+ Kd4 44. Kxe6 h5 45. Kd6 d2 46. Rd1 Ke3 47. e6 Ke2 48. Rxd2+ Kxd2 49. e7 Rd4+ 50. Ke6 Ke3 51. Kf7 Re4 52. h4 Kf4 53. e8Q Rxe8 54. Kxe8 Kg4 55. Ke7 Kxh4 56. Kf6 Kg3 57. Kg5 h4 58. Kf5 h3 59. Ke4 h2 60. Ke3 h1Q 61. Ke2 Qf3+ 62. Ke1 Qf2+ 63. Kd1 Kf3 64. Kc1 Ke3 65. Kd1 Qd2# 0-1